Financial spillovers to emerging markets during the global financial crisis

Uložené v:
Podrobná bibliografia
Hlavný autor: Frank, Nathaniel
Ďalší autori: Hesse, Heiko
Médium: Kapitola
Jazyk:English
Predmet:
Tagy: Pridať tag
Žiadne tagy, Buďte prvý, kto otaguje tento záznam!

MARC

LEADER 00000naa$a2200000$$$4500
001 0111688
005 20231010115157.5
041 0 |a eng 
044 |a CZ 
245 1 0 |a Financial spillovers to emerging markets during the global financial crisis  |c Nathaniel Frank, Heiko Hesse 
610 2 0 |a kríza finančná 
610 2 0 |a krajiny tranzitívne 
610 2 0 |a likvidita 
610 2 0 |a solventnosť 
610 2 0 |a trh finančný 
100 1 |a Frank, Nathaniel 
700 1 |a Hesse, Heiko